000 00477nam a2200169Ia 4500
999 _c23313
_d23313
003 OSt
005 20200214112304.0
008 190216s9999||||xx |||||||||||||| ||und||
040 _coclc
082 _a297
_bQUT/I
100 _aQuthub, Sayyid
_91983
245 0 _aIslamile Samoohia Neethi /
_cSayyid Quthub
250 _a6th ed.
260 _bIslamic Publishing House,
_c2011.
_aKozhikode:
300 _a319p
942 _cBK
_2ddc
_h297
_iQUT/I
_k297
_mQUT/I